[Event "Moscow op-B 04th"]
[Site "Moscow"]
[Date "2008.02.09"]
[Round "8"]
[White "Oparin, Grigoriy"]
[Black "Islamov, Marat"]
[Result "1-0"]
[WhiteElo "2005"]
[BlackElo "2210"]
[PlyCount "74"]
[EventDate "2008.02.02"]
[EventType "swiss"]
[EventRounds "9"]
[EventCountry "RUS"]
[SourceTitle "CBM 122 Extra"]
[Source "ChessBase"]
[SourceDate "2008.03.04"]
[SourceVersion "1"]
[SourceVersionDate "2008.03.04"]
[SourceQuality "1"]

1. e4 e6 2. d4 d5 3. Nc3 Bb4 4. e5 c5 5. a3 Bxc3+ 6. bxc3 Qa5 7. Bd2 c4 8. Qg4 g6 9. h4 h5 10. Qd1 Qa4 11. Nh3 Ne7 12. g3 Nbc6 13. Nf4 b6 14. Bh3 Bd7 15. 0-0 0-0-0 16. Ng2 Rdf8 17. Bg5 Nf5 18. Bxf5 exf5 19. Nf4 Be6 20. Qf3 Qa5 21. Rfb1 Kc7 22. a4 a6 23. Nxe6+ fxe6 24. Bc1 Nxd4 25. cxd4 Qe1+ 26. Kg2 Qe4 27. c3 Kc6 28. Ba3 Ra8 29. Re1 Qc2 30. Bd6 g5 31. Rec1 Qb2 32. Ba3 Qd2 33. hxg5 Qxg5 34. Rh1 h4 35. Qf4 Qxf4 36. gxf4 Rag8+ 37. Kf3 Rg4 1-0

[Event "Kazan Region-ch 6th"]
[Site "Kazan"]
[Date "2008.01.29"]
[Round "7"]
[White "Islamov, Marat"]
[Black "Naumov, Filat"]
[Result "1-0"]
[WhiteElo "2210"]
[BlackElo "2098"]
[PlyCount "59"]
[EventDate "2008.01.23"]
[EventType "swiss"]
[EventRounds "9"]
[EventCountry "RUS"]
[SourceTitle "CBM 122 Extra"]
[Source "ChessBase"]
[SourceDate "2008.03.04"]
[SourceVersion "1"]
[SourceVersionDate "2008.03.04"]
[SourceQuality "1"]

1. e4 c5 2. Nf3 Nc6 3. d4 cxd4 4. Nxd4 g6 5. Nxc6 dxc6 6. Qxd8+ Kxd8 7. Bc4 Be6 8. Bxe6 fxe6 9. e5 Bg7 10. f4 Nh6 11. Nc3 Nf5 12. 0-0 Kc7 13. Ne4 b6 14. Ng5 Nd4 15. c3 h6 16. cxd4 hxg5 17. fxg5 Rhf8 18. Be3 c5 19. Rxf8 Rxf8 20. Rc1 Kb7 21. Rf1 Rxf1+ 22. Kxf1 cxd4 23. Bxd4 Kc6 24. b3 Kd5 25. Be3 Bxe5 26. h4 Ke4 27. Kf2 Bf4 28. Bxf4 Kxf4 29. g3+ Kg4 30. Ke3 1-0

[Event "Kazan Region-ch 6th"]
[Site "Kazan"]
[Date "2008.01.25"]
[Round "3"]
[White "Islamov, Marat"]
[Black "Bakunin, Damir"]
[Result "1/2-1/2"]
[WhiteElo "2210"]
[BlackElo "1998"]
[PlyCount "50"]
[EventDate "2008.01.23"]
[EventType "swiss"]
[EventRounds "9"]
[EventCountry "RUS"]
[SourceTitle "CBM 122 Extra"]
[Source "ChessBase"]
[SourceDate "2008.03.04"]
[SourceVersion "1"]
[SourceVersionDate "2008.03.04"]
[SourceQuality "1"]

1. e4 c5 2. Nf3 e6 3. d4 cxd4 4. Nxd4 Nf6 5. Bd3 Nc6 6. Nxc6 bxc6 7. 0-0 d5 8. Bg5 Be7 9. e5 Nd7 10. Bxe7 Qxe7 11. Qg4 0-0 12. Nc3 f5 13. exf6 Nxf6 14. Qh4 Re8 15. f4 Rb8 16. g4 g6 17. f5 exf5 18. gxf5 Rb4 19. Qf2 Ng4 20. Qg3 Ne3 21. Rae1 Rg4 22. Qxg4 Nxg4 23. Rxe7 Rxe7 24. fxg6 hxg6 25. b4 Kg7 1/2-1/2

[Event "Kazan City-ch"]
[Site "Kazan"]
[Date "2007.12.09"]
[Round "9"]
[White "Islamov, Marat"]
[Black "Tokarev, Ilya"]
[Result "1/2-1/2"]
[WhiteElo "2210"]
[BlackElo "2180"]
[PlyCount "23"]
[EventDate "2007.11.24"]
[EventType "swiss"]
[EventRounds "11"]
[EventCountry "RUS"]
[SourceTitle "EXT 2009"]
[Source "ChessBase"]
[SourceDate "2008.11.26"]
[SourceVersion "1"]
[SourceVersionDate "2008.11.26"]
[SourceQuality "1"]

1. Nf3 d5 2. d4 Nf6 3. c4 dxc4 4. Qc2 g6 5. e4 Bg7 6. Qxc4 0-0 7. Be2 Nfd7 8. 0-0 Nb6 9. Qd3 Nc6 10. d5 Ne5 11. Nxe5 Bxe5 12. Rd1 1/2-1/2

[Event "Kazan City-ch"]
[Site "Kazan"]
[Date "2007.12.01"]
[Round "5"]
[White "Islamov, Marat"]
[Black "Sadykov, Ramil"]
[Result "0-1"]
[WhiteElo "2210"]
[BlackElo "2133"]
[PlyCount "72"]
[EventDate "2007.11.24"]
[EventType "swiss"]
[EventRounds "11"]
[EventCountry "RUS"]
[SourceTitle "EXT 2009"]
[Source "ChessBase"]
[SourceDate "2008.11.26"]
[SourceVersion "1"]
[SourceVersionDate "2008.11.26"]
[SourceQuality "1"]

1. e4 e6 2. d4 d5 3. exd5 exd5 4. c4 Nf6 5. Nc3 Bb4 6. Bg5 0-0 7. Nf3 Nbd7 8. Be2 dxc4 9. Bxc4 Re8+ 10. Kf1 Bxc3 11. Qb3 Ba5 12. Bxf7+ Kh8 13. Bxe8 Qxe8 14. h4 Nb6 15. Ne5 Be6 16. Qf3 Nbd5 17. g4 Qb5+ 18. Kg2 Nb6 19. Kh3 Rf8 20. Rhg1 Nbd7 21. Bxf6 Rxf6 22. Qg3 Bd2 23. Rgd1 Bf4 24. Qc3 Qe2 25. Qf3 Qxf3+ 26. Nxf3 h5 27. Kg2 hxg4 28. Ne1 Bd5+ 29. Kg1 g3 30. Nd3 g2 31. Re1 Bd6 32. Ne5 Nf8 33. Re3 Rf4 34. f3 Rxd4 35. Kxg2 Rd2+ 36. Kg3 Ng6 0-1

[Event "Saratov Aratovsky Memorial 6th"]
[Site "Saratov"]
[Date "2006.12.04"]
[Round "8"]
[White "Gagarkine, Nikolay"]
[Black "Islamov, Marat"]
[Result "1/2-1/2"]
[WhiteElo "2004"]
[BlackElo "2212"]
[PlyCount "177"]
[EventDate "2006.11.27"]
[EventType "swiss"]
[EventRounds "9"]
[EventCountry "RUS"]
[SourceTitle "EXT 2008"]
[Source "ChessBase"]
[SourceDate "2007.11.25"]
[SourceVersion "1"]
[SourceVersionDate "2007.11.25"]
[SourceQuality "1"]

1. d4 e6 2. f4 Nf6 3. Nf3 b6 4. e3 Bb7 5. Bd3 c5 6. 0-0 Be7 7. c3 0-0 8. Qc2 Nc6 9. Ng5 h6 10. Nh7 Nxh7 11. Bxh7+ Kh8 12. Bd3 Rc8 13. Qe2 Bf6 14. Nd2 cxd4 15. exd4 Ne7 16. Ne4 Ng8 17. Nd6 Qc7 18. Nxc8 Rxc8 19. Be4 Bxe4 20. Qxe4 b5 21. Bd2 Qb6 22. Kh1 b4 23. g4 bxc3 24. Bxc3 Rc4 25. Rad1 Bd8 26. g5 d5 27. Qg2 a5 28. h4 a4 29. a3 Ne7 30. gxh6 Nf5 31. hxg7+ Kg8 32. h5 Bf6 33. Qh3 Bxg7 34. Rg1 Kh7 35. Rxg7+ Nxg7 36. Rg1 Rc8 37. h6 Nf5 38. Qh5 Qc7 39. Qg5 Qd8 40. Kh2 Qxg5 41. fxg5 Kg6 42. Kh3 Nd6 43. Bb4 Ne4 44. Be7 Rc2 45. Kg4 Rc4 46. Kf4 Rxd4 47. Ke5 Rc4 48. Rh1 Rc8 49. Bf6 Kh7 50. Rh2 Rg8 51. Rh5 Rc8 52. Rh2 Rc1 53. g6+ fxg6 54. Kxe6 Rd1 55. Bg7 Nc5+ 56. Kd6 Nb3 57. Kc6 d4 58. Kb5 d3 59. Bc3 g5 60. Kb4 Rg1 61. Kxa4 Nc5+ 62. Kb4 Ne4 63. Kc4 Rd1 64. Kd4 d2 65. Kd3 g4 66. Rg2 g3 67. a4 Kxh6 68. a5 Kh5 69. a6 Kg4 70. Bxd2 Kf3 71. a7 Ra1 72. Rg1 Rxa7 73. Be3 Rd7+ 74. Bd4 Nf2+ 75. Kc4 g2 76. Bxf2 Kxf2 77. Rxg2+ Kxg2 78. b4 Kf3 79. Kc5 Ke4 80. Kc6 Rh7 81. b5 Rh6+ 82. Kc5 Rh1 83. b6 Rc1+ 84. Kd6 Rd1+ 85. Kc6 Ke5 86. b7 Rb1 87. Kc7 Ke6 88. b8Q Rxb8 89. Kxb8 1/2-1/2